Insects - Statistics

General Stats
  • This quiz has been taken 33 times
    29 since last reset
  • The average score is 12 of 13
Answer Stats
Picture Answer % Correct
Bee
100%
Butterfly
100%
Mosquito
100%
Ant
96%
Caterpillar
96%
Ladybug
96%
Wasp
96%
Cockroach
88%
Dragonfly
88%
Grasshopper
88%
Beetle
84%
Hornet
80%
Stinkbug
80%
No matching quizzes found
Score Distribution
Percent of People with Each Score
Percentile by Number Answered
Your Score History
You have not taken this quiz since the last reset